Desmitificando la corrupción en América Latina /

Este artículo a través de una lectura actualizada de la fenomenología de la corrupción permite concluir en la necesidad de promover estrategias anticorrupción locales y nacionales que complementen a las internacionales, y no lo contrario como es el caso actual

Gorde:
Xehetasun bibliografikoak
Egile nagusia: Nieto, Francisco
Formatua: Texto
Gaiak:
Etiketak: Etiketa erantsi
Etiketarik gabe, Izan zaitez lehena erregistro honi etiketa jartzen!

MARC

LEADER 00000 a a2200000 04500
001 10759
003
040
100 |a Nieto, Francisco  
245 |a Desmitificando la corrupción en América Latina /  |c Francisco Nieto 
520 |a Este artículo a través de una lectura actualizada de la fenomenología de la corrupción permite concluir en la necesidad de promover estrategias anticorrupción locales y nacionales que complementen a las internacionales, y no lo contrario como es el caso actual  
650 |a CORRUPCION  
650 |a CULTURA POLITICA  
650 |a DEMOCRACIA  
773 |g número 194; páginas 54-68  
999 |c 22140  |d 22140